00521nam a2200205Ia 4500003000400000005001700004008004100021020001500062040000700077041001200084082001700096100002000113245003800133260004600171300002800217365001300245650001500258650002300273700001900296OSt20250711182846.0210423s2007 xx 000 0 und d a8131100332 cAL aEnglish a070.4 bPRAJ aNaval Prabhakar aJournalism and mass communication aNew DelhibCommonwealth Publicationc2007 av,271p.bPBc22x14.5cm. b800cINR aJournalism aJournalism & Media aBasu, Narendra